000 00284nam a22001217a 4500
008 170526b xxu||||| |||| 00| 0 eng d
041 _aeng
080 _a62
100 _a27
101 _aIM
245 _aAN INTROGUCTION TO EROR CORRECTING CODES
_cCHAPTER.SH.L
942 _2udc
_cBK
999 _c14601
_d14601